000 00280nam a22001217a 4500
008 171106b xxu||||| |||| 00| 0 eng d
041 _aeng
080 _a330.722.6
100 _a62
101 _aKON
245 _aTHE THEORY OF FINANCIAL MANAGEMENT
_cSOLOMON,E
942 _2udc
_cBK
999 _c37947
_d37947